Disident Václav Havel

Titel: Disident Václav Havel : 1936 - 1989 / Daniel Kaiser
Verfasser:
Ausgabe: 1. vyd.
Veröffentlicht: Praha ˜[u.a.]œ : Paseka, 2009
Umfang: 276 S. : Ill.
Format: Buch
Sprache: Tschechisch
RVK-Notation:
Schlagworte:
ISBN: 9788074320125
Buchumschlag
X
Lokale Klassifikation: 2 H 1136 ; 22 7 Od ; 22 7 V ; 22 15 K
alg: 21886136
001A    $03004:10-12-09 
001B    $01999:03-06-23 $t04:40:36.000 
001C    $03025:28-06-17 $t16:32:09.000 
001D    $03004:10-12-09 
001U    $0utf8 
001X    $00 
002@    $0Aau 
003@    $0218861362 
003O    $0600092282 $aOCoLC 
004A    $A978-80-7432-012-5 
007A    $0218861362 $aHEB 
007G    $0DE020581DE6029D05285AC12579B100389E91 
007T    $0Herdhh218861362 
009P    $qapplication/pdf $A2 $3Inhaltsverzeichnis $uhttp://scans.hebis.de/HEBCGI/show.pl?21886136_toc.pdf $mV:DE-603;B:DE-Mb50 
010@    $acze 
011@    $a2009 
013H    $0z 
021A    $aDisident Václav Havel $d1936 - 1989 $hDaniel Kaiser 
028A    $7140021612 $8Kaiser, Daniel$Z1971- [Tp3] $9218861567 
032@    $a1. vyd. 
033A    $pPraha {[u.a.] $nPaseka 
034D    $a276 S. 
034M    $aIll. 
039U    $8--Aou--Williams, Kieran [Tp3]. [Kaiser, Daniel, 2015 $9404784747 
044K    $#Havel, V. $#Haveli, Vac'lav $#Chavel, Vaclav $#Havelo, Václavo $#Haveru, Vatsurafu $#Haei̕er, Wacilafu $#Hapel, Pačchŭllapchŭ $#Havel, Vaclav $#Gavel, Vaclav $#Gavel, Vatslav $#Khavel, Vatslav $#Гавел, Вацлав $7118709259 $8Havel, Václav$Z1936-2011 [Tp1] $9087050056 
044K    $RAutor $RLiteratur $RSchriftstellerin $#Novelists $#Romanciers $#Authors $#Écrivains $#Dichter $#Literaturproduzent $#Literat $#Homme de lettres $74053309-8 $8Schriftsteller [Tsz] $9085148040 
044K    $ROpposition $RDissidentin $#Dissenters $#Dissidents $#Dissident $#Nonkonformist $#Abweichler Dissident $74150218-8 $8Dissident [Ts1] $9085617881 
045F    $a909 $eDDC23BSB 
045F/01 $a909 
045F/03 $f0904 
045F/03 $g437 
045G    $a791.409437 $eDDC23BSB 
045G/01 $a791.409 
045G/03 $g437 
045R    $aGeschichte 1936-1989 
045Z    $8KS 8887 [Tkv] $9409334324 
045Z    $8MG 96092 [Tkv] $9410568031 
045Z    $8NQ 8275 [Tkv] $9410919411 

lok: 21886136 24
101B    $010-12-09 $t10:32:08.000 
101C    $010-12-09 
101U    $0utf8 
145Z/01 $a2 H 1136 
145Z/02 $a22 7 Od 
145Z/03 $a22 7 V 
145Z/04 $a22 15 K 

exp: 21886136 24 1 #EPN
201B/01 $010-12-09 $t10:32:08.000 
201C/01 $010-12-09 
201U/01 $0utf8 
203@/01 $0586152504 
208@/01 $a10-12-09 $bz 
209A/01 $a09.7658 $du $f050 $h09 7658 $x00 
209C/01 $a09.7658 K $h09 7658 K 
209G/01 $a71786145 $x00 
220C/01 $akon 
247C/01 $8358050-7 Marburg, Bibliothek des Herder-Instituts Marburg $9102600961 

lok: 21886136 78

exp: 21886136 78 1 #EPN
201B/01 $028-06-17 $t16:27:16.000 
201U/01 $0utf8 
203@/01 $0793593425 
208@/01 $a12-11-16 $be 
209A/01 $a/ $f000 $x00 
220C/01 $aTitelaufnehmer: rb 
220C/01 $aAnmerkung: LvP 
237A/01 $aweiterführende Signatur(en): HI 09.7658 
244Z/01 $#Böhmische Kronländer $#Länder der Böhmischen Krone $#Sudetenland $#Böhmen $#Mähren $#Mährisch-Schlesien $#Österreichisch-Schlesien $#Tschechische Sozialistische Republik Böhmische Länder $#Tschechei Böhmische Länder $#Země koruny české $74069573-6 $8--Tg1--Böhmische Länder $x01 $9085195553 
244Z/01 $#Tschechoslowakei $#Tschechoslowakei $#Tschechische und Slowakische Föderative Republik $#République Tchéco-Slovaque $#Tchécoslovaquie $#Československá Federativní Republika $#Česká a Slovenská Federativní Republika $#Czech and Slovak Federal Republic $#ČSFR $#ČSSR $#ČSR $#RČS $#Československo $#Československá Socialistická Republika $#Československá Republika $#Tschechoslowakische Sozialistische Republik $#Tschechoslowakische Republik $#Tschechoslowakische Föderative Republik $#Republika Československá $#Czechoslovakia $#Čechoslovakische Republik $#République Tchécho-Slovaque $#Tchéchoslovaquie $#Czechoslovak Socialist Republic $#Checoeslovaquia $#Cecoslovacchia $#Čechoslovakija $#République tchécoslovaque $74078435-6 $8--Tg1--Tschechoslowakei $x02 $9085222305 
244Z/01 $2Trx $8--Trx--Monographie $x07 $9391384546 
245Z/01 $a12.03 $x01 
247C/01 $82080>Marburg/Lahn, Herder-Institut, Forschungsbibliothek, Bibliographieportal $9336309341
LEADER 00000cam a2200000 c 4500
001 218861362
003 DE-603
005 20230603044036.0
007 tu
008 091210s2009 xx |||| | u00||u|cze c
020 |a 9788074320125 
035 |a (DE-599)HEB218861362 
035 |a (OCoLC)600092282 
040 |a DE-603  |b ger  |c DE-603  |d DE-603 
041 |a cze 
082 0 4 |8 1\u  |a 909  |q DE-101  |2 23/BSB 
083 0 |8 2\u  |a 791.409437  |q DE-101  |2 23/BSB 
084 |a KS 8887  |0 (DE-625)84779:11643  |0 (DE-603)409334324  |2 rvk 
084 |a MG 96092  |0 (DE-625)122875:12053  |0 (DE-603)410568031  |2 rvk 
084 |a NQ 8275  |0 (DE-625)128969:  |0 (DE-603)410919411  |2 rvk 
085 |8 1\u  |b 909 
085 |8 1\u  |z 1  |s 0904 
085 |8 1\u  |z 2  |s 437 
085 |8 2\u  |b 791.409 
085 |8 2\u  |z 2  |s 437 
100 1 |a Kaiser, Daniel  |d 1971-  |0 (DE-603)218861567  |0 (DE-588)140021612  |2 gnd 
245 0 0 |a Disident Václav Havel  |b 1936 - 1989  |c Daniel Kaiser 
250 |a 1. vyd. 
264 1 |a Praha ˜[u.a.]œ  |b Paseka  |c 2009 
300 |a 276 S.  |b Ill. 
600 1 7 |a Havel, Václav  |d 1936-2011  |0 (DE-588)118709259  |0 (DE-603)087050056  |2 gnd 
648 7 |a Geschichte 1936-1989  |2 gnd 
650 7 |a Schriftsteller  |0 (DE-588)4053309-8  |0 (DE-603)085148040  |2 gnd 
650 7 |a Dissident  |0 (DE-588)4150218-8  |0 (DE-603)085617881  |2 gnd 
787 0 8 |i Rezensiert in  |a Williams, Kieran  |t [Kaiser, Daniel  |w (DE-603)404784747 
856 4 2 |m V:DE-603;B:DE-Mb50  |q application/pdf  |u http://scans.hebis.de/HEBCGI/show.pl?21886136_toc.pdf  |3 Inhaltsverzeichnis 
924 0 |9 Mb 50  |a (DE-603)586152504  |b DE-Mb50  |c HES  |d c  |g 09.7658 
924 0 |9 2080  |a (DE-603)793593425  |b DE-2080  |c HES  |d d  |g /